000 01045nam a2200181Ia 4500
008 090630s9999 xx 000 0 und d
082 _b29031
100 _aवडबाळकर श्रुती श्री.
245 _aमराठी स्त्री आत्मचरित्रांचा सामाजिक अंगाने अभ्यास (1990 ते 1965).
_cवडबाळकर श्रुती श्री.
260 _bश्रीविद्या.
_c2006
300 _a289
600 _aवडबाळकर श्रुती श्री.
630 _aमराठी स्त्री आत्मचरित्रांचा सामाजिक अंगाने अभ्यास (1990 ते 1965).
655 _aइतर.
700 _aवडबाळकर श्रुती श्री.
730 _aमराठी स्त्री आत्मचरित्रांचा सामाजिक अंगाने अभ्यास (1990 ते 1965).
942 _cBOOK
999 _c280887
_d280887